00477nam a2200121Ia 4500008004100000020001800041245009200059250001200151260002400163300001400187999001900201952013500220180116s9999 xx 000 0 und d a9780702066962 cBarbara J. Bain, Imelda Bates, Michael A. LaffanaDacie and Lewis Practical Haematology a12th ed bElsevier Ltd.c2017 a585 pages c353266d353266 001040aSSLCbSSLCcSSLCd2018-01-16eLibrary Fundl1oRB 45 B162 2017pSSLC1649r2019-10-25 00:00:00s2019-10-24w2018-01-16yBK